|
|
|
|
| LEADER |
01703nam a2200457 a 4500 |
| 001 |
nkc20122388693 |
| 003 |
CZ PrNK |
| 005 |
20181119170104.0 |
| 007 |
ta |
| 008 |
120727s2012 xr a e f 001 0 cze |
| 015 |
|
|
|a cnb002388693
|
| 020 |
|
|
|a 978-80-247-4485-8
|q (brož.)
|
| 035 |
|
|
|a (OCoLC)817048068
|
| 040 |
|
|
|a OLA001
|b cze
|d BOA001
|d ABA001
|
| 072 |
|
7 |
|a 316.4/.7
|x Sociální interakce. Sociální komunikace
|2 Konspekt
|9 18
|
| 080 |
|
|
|a 005.574
|2 MRF
|
| 080 |
|
|
|a 316.485.6
|2 MRF
|
| 080 |
|
|
|a 316.776
|2 MRF
|
| 080 |
|
|
|a (035)
|2 MRF
|
| 100 |
1 |
|
|a Plamínek, Jiří,
|d 1958-
|7 jn20001103074
|4 aut
|
| 245 |
1 |
0 |
|a Konflikty a vyjednávání :
|b umění vyhrávat, aniž by někdo prohrál /
|c Jiří Plamínek
|
| 250 |
|
|
|a 3., upr. a dopl. vyd.
|
| 260 |
|
|
|a Praha :
|b Grada,
|c 2012
|
| 300 |
|
|
|a 134 s. :
|b il. ;
|c 21 cm
|
| 490 |
1 |
|
|a Poradce pro praxi
|
| 500 |
|
|
|a Terminologický slovník s rejstříkem
|
| 504 |
|
|
|a Obsahuje bibliografii
|
| 650 |
0 |
7 |
|a management konfliktů
|7 ph205090
|2 czenas
|
| 650 |
0 |
7 |
|a vyjednávání
|7 ph127270
|2 czenas
|
| 650 |
0 |
9 |
|a conflict management
|2 eczenas
|
| 650 |
0 |
9 |
|a negotiation
|2 eczenas
|
| 655 |
|
7 |
|a příručky
|7 fd133209
|2 czenas
|
| 655 |
|
9 |
|a handbooks and manuals
|2 eczenas
|
| 830 |
|
0 |
|a Poradce pro praxi
|0 s
|
| 910 |
2 |
|
|a BOA001
|b 2-1286.674
|
| 990 |
|
|
|a BK
|
| 995 |
|
|
|a 01
|
| 991 |
|
|
|b 201209
|c NOV
|e n
|
| 996 |
6 |
|
|b 2610521110
|c 2-1286.674
|l MZK
|r Sklad / do 1 hodiny
|n 21
|p p.v.
|w 001277077
|u 000010
|a 1
|e BOA001
|j MZK50
|s P
|
| 996 |
6 |
|
|b 2610522099
|c 2-1286.674
|l MZK
|r HSS 4p
|n 0
|p kup
|h 316.77 PLA
|w 001277077
|u 000020
|a 0
|e BOA001
|j MZK50
|s P
|
| 996 |
7 |
|
|b 2610522100
|c 2-1286.674
|l Vol.výběr
|r VV 0p
|n 51
|p kup
|h 316.77 PLA
|w 001277077
|u 000030
|a 0
|e BOA001
|j MZK50
|s A
|